000 00310nam a22001457a 4500
003 SGT
020 _a938426679-5
082 _a615
_bSAI
100 _aSAINDANE, HARSHATA B.
245 _aPHARMACOLOGY-II
260 _aINDIA
_bBIRLA PUB.
_c2025
300 _a72
650 _aPHARMACOLOGY
942 _2ddc
_cBK
999 _c33057
_d33057